000 00230as aa2200097a 44500
090 _aSERIADAS
_b01009
245 1 0 _aTropinet
260 _bAssociation for Tropical Biology Inc.
_aEstados Unidos
041 0 _aInglés
942 _cREVISTA
999 _c17167
_d17167